1727 1815 1516 1163 1467 1573 1229 1328 1117 1814 1242 1738 1370 1632 1566 1413 1017 1970 1274 1603 1298 1111 1552 1264 1145 1009 1555 1425 1001 1369 1321 1861 1010 1872 1964 1025 1651 1789 1576 1873 1130 1109 1630 1611 1590 1198 1763 1250 1891 1056 1597 1115 1218 1451 1957 1516 1206 1773 1158 1466 1365 1660 1724 1900 1032 1468 1038 1878 1487 1051 1653 1531 1192 1694 1689 1100 1825 1181 1671 1162 1037 1332 1213 1333 1539 1145 1952 1049 1981 1496 1903 1724 1356 1275 1986 1731 1068 1098 1273 BCNSPRNW ULIB Ver.6.0+V

เปลี่ยนเป็นภาษาไทย

Change to English
 แสดงรายละเอียดบรรณานุกรม
  กลับหน้าหลัก

Brief Record : Get Marc (ISO 2709) : E-mail record : QR code < ปิดหน้าต่าง
LEADER : 00000nam 2200000uu 4500
001    13399113644
003     ULIB
008    111209s2547||||th 000 0 tha d
020    ^a9743233091
090    ^aนว.^bบ896ย 2547
100    ^aแบลดเลย์, เจมส์
245    ^aยุทธภูมินรกอโวจิมา = Flags of our fathers/^cแบลดเลย์, เจมส์
250    ^aพิมพ์ครั้งที่ 1
260    ^aกรุงเทพฯ :^bมติชน,^c2547
300    ^a335 หน้า
710 1  ^aมติชน
945    ^p220^l0^i021597
995    ^aทศพร
999 ^a ทศพร
รายการนี้ยังไม่มีแท็ก
คุณยังไม่ได้ล็อกอิน คุณสามารถมีกิจกรรมร่วมกับเว็บไซต์ได้ แต่ต้องล็อกอินก่อน ::
  ล็อกอิน

รายการสื่อสารสนเทศ

ลำดับที่ ประเภท เลขเรียก/บาร์โค้ด สถานที่ สถานะ
1. นวนิยาย
นวนิยาย
นว. บ896ย 2547 ฉ.1 
  Barcode: 021597
ห้องสมุดวิทยาเขตสวรรค์ประชารักษ์
►นวนิยาย
บนชั้น
  ขอยืม

BibComment


ยังไม่เคยถูกคอมเมนท์

คอมเมนท์ทรัพยากรรายการนี้
  คอมเมนท์: ยุทธภูมินรกอโวจิ..


 Copyright 2026. Bcnsprnw @Library